الضحك : (رقم التسجيلة. 3265)

تفاصيل مارك
000 -الفاتح
عناصر البيانات ثابتة الطول 00921cam a2200229 i 4500
005 - تاريخ ووقت آخر معاملة
حقل ضبط 20251108164103.0
008 - عناصر البيانات ثابتة الطول
عناصر البيانات ثابتة الطول 250721s1997 ua gr 000 0 ara d
041 1# - كود اللغة
كود اللغة لنص/مسار صوت أو عنوان منفصل ara
كود اللغة للأصل eng
082 14 - رقم تصنيف ديوي العشري
رقم التصنيف 152
رقم المادة ب ر ج
100 1# - مدخل رئيسي – اسم شخصي
الاسم الشخصي برجسون، هنري
علاقة الشخص بالعمل/ دوره مؤلف.
240 10 - عنوان مقنن
عنوان مقنن Henri bergson le rire essal sur la signification du comiqua.
245 10 - بيان العنوان
العنوان الضحك :
بقية العنوان البحث في دلالة المضحك /
بيان المسؤولية تأليف هنريبرجسون ؛ ترجمة سامي الدروبي، عبدالله عبد الكريم.
250 ## - بيان الطبعة
بيان الطبعة الطبعة الثانية.
264 1# - بيانات النشر، التوزيع…إلخ
مكان النشر، التوزيع...إلخ القاهرة :
اسم الناشر، الموزع...إلخ الهئية المصرية العامة للكتاب،
تاريخ النشر، التوزيع...إلخ 1997.
300 ## - الوصف المادي
عدد الوحدات المكونة للوعاء 139صفحة.
650 17 - مدخل إضافي بالموضوع - مصطلح موضوعي
مصطلح موضوعي أو اسم جغرافي كعنصر مدخل الضحك.
650 17 - مدخل إضافي بالموضوع - مصطلح موضوعي
مصطلح موضوعي أو اسم جغرافي كعنصر مدخل العواطف.
700 1# - مدخل إضافي - اسم شخصي
الاسم الشخصي الدروبي، سامي
علاقة الشخص بالعمل/ دوره ترحمة.
700 1# - مدخل إضافي - اسم شخصي
الاسم الشخصي عبد الدايم، عبد الله
علاقة الشخص بالعمل/ دوره ترجمة.
942 ## - بيانات إضافية (كوها)
نوع التنصيف Dewey Decimal Classification
نوع المادة (كوها) كتب
المقتنيات
حالة السحب حالة الفقدان مصدر التصنيف حالة التلف غير قابل للإعارة المكتبة الرئيسية المكتبة الحالية موقع الرف تاريخ التزويد الرقم المتسلسل Total Checkouts رقم الإستدعاء الباركود تاريخ آخر ظهور تاريخ الفاتورة نوع المادة (كوها)
    Dewey Decimal Classification     المكتبة المركزية المكتبة المركزية الإعارة 06/07/2004 325920   152 / ب ر ج 325920 28/07/2025 06/07/2004 كتب
    Dewey Decimal Classification     مكتبة حمزة العامة مكتبة حمزة العامة الإعارة 16/11/2015 335921   152/برج PLD00364865 28/07/2025 16/11/2015 كتب
Implemented & Customized by: BBB with SCIT (Smart Chains for Information Technology)

Powered by Koha